000 00932cam a22002531 4500
001 sa 65010288
003 DLC
005 20260227112207.0
008 790409s1961 ii ab 000 0 eng
010 _asa 65010288
025 _aPl480:I-E-4017
035 _a(OCoLC)4839332
040 _aDLC
_cNIC
_dOCoLC
_dDLC
042 _apremarc
050 0 0 _aAM101
_b.A624 no. 3
110 2 _aAndhra Pradesh Government Museum.
245 1 0 _aQutub Shahi coins in the Andhra Pradesh Government Museum;
_b[catalogue]
_cBy Md. Abdul Wali Khan, keeper of the coins. General editor: N. Ramesan.
260 _aHyderabad,
_bGovt. of Andhra Pradesh,
_c1961.
300 _avii, 50 p.
_billus. (part col.) map.
_c33 cm.
490 0 _aAndhra Pradesh Government Museum series,
_vno. 3
650 0 _aNumismatics
_zIndia, South.
700 1 _aRamesan, N.,
_eed.
810 1 _aAndhra Pradesh (India).
_bDepartment of Archaeology.
_tMuseum series ;
_vno. 3.
999 _c66675
_d66675